Obra poética, 2 (1960 - 1972)
সংরক্ষণ করুন:
| প্রধান লেখক: | |
|---|---|
| বিন্যাস: | গ্রন্থ |
| ভাষা: | Undetermined |
| প্রকাশিত: |
Madrid, España
Editorial Alianza
1999
|
| বিষয়গুলি: | |
| ট্যাগগুলো: |
ট্যাগ যুক্ত করুন
কোনো ট্যাগ নেই, প্রথমজন হিসাবে ট্যাগ করুন!
|
MARC
| LEADER | 00000nam a2200000Ia 4500 | ||
|---|---|---|---|
| 008 | 170316s9999 xx 000 0 und d | ||
| 040 | |a cru BVZT | ||
| 090 | |a 860 B-32o v.2 | ||
| 100 | |a Borges, Jorge Luis |9 1174 | ||
| 245 | |a Obra poética, 2 (1960 - 1972) |c / Jorge Luis Borges | ||
| 260 | |a Madrid, España |b Editorial Alianza |c 1999 | ||
| 300 | |a 346 páginas | ||
| 650 | |a LITERATURA LATINOAMERICANA |9 15 | ||
| 650 | |a EL HACEDOR |9 1259 | ||
| 650 | |a MUSEO |9 1260 | ||
| 650 | |a EL OTRO - EL MISMO (1964) |9 1261 | ||
| 650 | |a PARA LAS SEIS CUERDAS (1965) |9 1262 | ||
| 650 | |a ELOGIO DE LA SOMBRA (1969) |9 1263 | ||
| 650 | |a EL ORO DE LOS TIGRES |9 1264 | ||
| 999 | |c 8446 |d 8446 | ||
| 942 | |c 4 D |h 860 B-32o v.2 |2 z | ||
